000 00419cam a2200181ua 4500
020 _c3.50
041 _amal
_h
082 _a894.812308
_bMUL/AY
100 _aMulk Raj, Anand .
_96025
245 _aAyithakaran /
_cMulk Raj Anand.
_hTextual Documents
260 _aThrissur :
_bCurrent Books ,
_c1959.
300 _a234 ; .
365 _a3.50
504 _a
942 _cBK
999 _c5234
_d5234
003